00320nam a2200097Ia 4500008004100000020001500041100002600056245003700082260008900119300001400208180205s9999 xx 000 0 und d a9715060315 aDe-Tavera, Mita Pardo 4aThe elderly in the Philippines / aManila, PhilippinesbSocial research center university of Santo tomas manila :c1989 a204 pages